000 00987nam a22002897a 4500
001 BR0601077
003 BR-BrBNA
005 20230928102103.0
007 ta
008 230509b bl.||||| |||| 00| 0 por d
040 _aBR-BrBNA
_bpor
_cBiblioteca Nacional de Agricultura
041 _a(Por)
072 _aC10; D50; E70
090 _ C10 BR0601077
100 1 _aBotelho, M. da S.
110 1 _aMinistério da Agricultura, Pecuária e Abastecimento, Brasília, DF (Brasil)
110 1 _aUniversidade de Brasília, DF (Brasil)
_910455
245 1 _aInspeção vegetal: módulo 1; estabelecimentos, produtos e seus registros; anexos 1 a 16; portaria nº 283/98
_bCurso de Formação para os Candidatos ao Cargo de Fiscal Federal Agropecuário
260 3 _aBrasília, DF (Brasil):
_c2002.
300 _a67 p.
650 _aCURSO
650 _aINSPEÇÃO VEGETAL
650 _aREGISTRO
650 _aREGULAMENTAÇÃO
909 _a202309
_bLucia
_c55
_dLucia Elande
942 _cBK
999 _c69076
_d69076